[Event "17. Sparkassen Open 2018 - Gruppe A"]
[Site "Forchheim"]
[Date "2018.09.21"]
[Round "1.1"]
[White "Krassowizkij, Jaroslaw"]
[Black "Kotz, Reinhard"]
[Result "1-0"]
[WhiteElo "2439"]
[BlackElo "2171"]
[PlyCount "69"]
[EventDate "2018.??.??"]
[WhiteTeam "SV Jedesheim"]
[BlackTeam "SK Herzogenaurach"]

1. d4 d5 2. c4 e6 3. Nc3 Nf6 4. cxd5 exd5 5. Bg5 Nbd7 6. e3 c6 7. Bd3 h6 8. Bh4
Be7 9. f3 O-O 10. Nge2 Re8 11. Qd2 b5 12. Rc1 Nb6 13. b3 Be6 14. Nf4 Bd7 15.
Bf2 Qc7 16. O-O Qb7 17. e4 dxe4 18. fxe4 Bb4 19. Rfe1 Rad8 20. Bb1 Nh7 21. Qd3
Nf8 22. Qg3 Nc8 23. d5 Bd6 24. Bd4 Ng6 25. e5 Nxe5 26. Ne4 Qb8 27. dxc6 Ng6 28.
cxd7 Rxe4 29. Rxe4 Nce7 30. Nxg6 Bxg3 31. Nxe7+ Kf8 32. Rc8 Bxh2+ 33. Kh1 Bc7
34. Bc5 Rxc8 35. Nxc8+ 1-0

[Event "17. Sparkassen Open 2018 - Gruppe A"]
[Site "Forchheim"]
[Date "2018.09.21"]
[Round "1.2"]
[White "Böhme, Markus"]
[Black "Hilverda, Alexander"]
[Result "1/2-1/2"]
[WhiteElo "2096"]
[BlackElo "2370"]
[PlyCount "116"]
[EventDate "2018.??.??"]
[WhiteTeam "SC Uttenreuth"]
[BlackTeam "SC Erlangen"]

1. e4 c5 2. Nf3 e6 3. d4 cxd4 4. Nxd4 Nc6 5. Nc3 Qc7 6. Be2 a6 7. O-O Nf6 8.
Be3 Bb4 9. Na4 Be7 10. Nxc6 bxc6 11. Nb6 Rb8 12. Nxc8 Qxc8 13. Bd4 c5 14. Be5
Rb6 15. Qd3 d6 16. Bc3 O-O 17. b3 Nd7 18. f4 Bf6 19. Rad1 c4 20. Qe3 Bxc3 21.
Qxc3 cxb3 22. Qxc8 Rxc8 23. cxb3 Rc2 24. Bc4 Rxa2 25. Rf3 Kf8 26. Rh3 h6 27. f5
e5 28. Rhd3 Nc5 29. Rxd6 Rxd6 30. Rxd6 Ra1+ 31. Bf1 Nxe4 32. Rd5 h5 33. g3 a5
34. Kg2 Ra2+ 35. Kg1 Nd2 36. Bc4 a4 37. Rd7 axb3 38. Rxf7+ Kg8 39. Be6 Kh8 40.
h4 Nf3+ 41. Kf1 Ra8 42. Rb7 Nd4 43. Kf2 Rf8 44. Ke3 g6 45. Ke4 gxf5+ 46. Kxe5
Nc6+ 47. Kf4 Nd8 48. Rb6 Nxe6+ 49. Rxe6 Rb8 50. Re1 b2 51. Rb1 Rb5 52. Kg5 Kg7
53. Kxh5 Kf6 54. g4 f4+ 55. g5+ Kf5 56. g6 Kf6+ 57. Kg4 Kxg6 58. Kxf4 Kh5
1/2-1/2

[Event "17. Sparkassen Open 2018 - Gruppe A"]
[Site "Forchheim"]
[Date "2018.09.21"]
[Round "1.3"]
[White "Miller, Eduard"]
[Black "Gramb, Marius"]
[Result "1/2-1/2"]
[WhiteElo "2355"]
[BlackElo "2073"]
[PlyCount "31"]
[EventDate "2018.??.??"]
[WhiteTeam "SC Erlangen"]
[BlackTeam "Brühler SK"]

1. Nf3 c5 2. g3 d5 3. Bg2 Nf6 4. O-O Nc6 5. d3 e6 6. Nbd2 Be7 7. e4 b6 8. Re1
Bb7 9. c3 Qc7 10. e5 Nd7 11. d4 cxd4 12. cxd4 Nb4 13. Re3 Qc2 14. Re1 Qc7 15.
Re3 Qc2 16. Re1 1/2-1/2

[Event "17. Sparkassen Open 2018 - Gruppe A"]
[Site "Forchheim"]
[Date "2018.09.21"]
[Round "1.4"]
[White "Kilian, Markus"]
[Black "Schulz, Lukas"]
[Result "1-0"]
[WhiteElo "2065"]
[BlackElo "2263"]
[PlyCount "73"]
[EventDate "2018.??.??"]
[WhiteTeam "SV Würzburg"]
[BlackTeam "SC Erlangen"]

1. d4 Nf6 2. c4 g6 3. Nc3 Bg7 4. e4 d6 5. f3 O-O 6. Be3 e5 7. Nge2 Nbd7 8. Qd2
a6 9. d5 Ne8 10. Nc1 f5 11. Nd3 Ndf6 12. Be2 Bd7 13. c5 fxe4 14. fxe4 dxc5 15.
Nxc5 Nd6 16. O-O Bc8 17. Qc2 b6 18. Nd3 Bg4 19. Rxf6 Qxf6 20. Bxg4 Qh4 21. Bf3
Rf7 22. b3 Raf8 23. Qf2 Qe7 24. Qd2 h5 25. Nf2 Bf6 26. Nh3 Ra8 27. a4 Nb7 28.
Rb1 Kh7 29. Bg5 Kg8 30. Bxf6 Rxf6 31. Qe3 g5 32. Nxg5 Nc5 33. Be2 Kg7 34. Bc4
Rf4 35. Ne6+ Nxe6 36. dxe6 Qg5 37. Nd5 1-0

[Event "17. Sparkassen Open 2018 - Gruppe A"]
[Site "Forchheim"]
[Date "2018.09.21"]
[Round "1.5"]
[White "Yelisieiev, Yevhenii"]
[Black "Willim, Michael"]
[Result "1-0"]
[WhiteElo "2331"]
[BlackElo "2120"]
[PlyCount "55"]
[EventDate "2018.??.??"]
[WhiteTeam "SC Noris-Tarrasch Nürnberg"]
[BlackTeam "SC Erlangen"]

1. d4 e6 2. Nf3 f5 3. d5 Bc5 4. dxe6 dxe6 5. Qxd8+ Kxd8 6. a3 Nc6 7. e3 a6 8.
Nbd2 Be7 9. Bc4 Bf6 10. h4 Nh6 11. O-O Nf7 12. Ba2 Ke7 13. e4 Re8 14. Re1 Kf8
15. Nb3 fxe4 16. Ng5 Kg8 17. Nc5 Nd4 18. Rxe4 Nd6 19. Rxd4 Bxd4 20. Ncxe6 Bxe6
21. Nxe6 Rxe6 22. Bxe6+ Kf8 23. Bd5 Re8 24. Kf1 Re5 25. Bf3 Rb5 26. Rb1 Nc4 27.
b3 Bc3 28. Be2 1-0

[Event "17. Sparkassen Open 2018 - Gruppe A"]
[Site "Forchheim"]
[Date "2018.09.21"]
[Round "1.6"]
[White "Glawe, Ralf"]
[Black "Klek, Hanna Marie"]
[Result "0-1"]
[WhiteElo "2060"]
[BlackElo "2278"]
[PlyCount "60"]
[EventDate "2018.??.??"]
[WhiteTeam "MTV Ingolstadt"]
[BlackTeam "SC Erlangen"]

1. e4 e5 2. Nf3 Nc6 3. Bb5 a6 4. Ba4 Nf6 5. d3 d6 6. c3 Bd7 7. Nbd2 g6 8. Nf1
Bg7 9. Ng3 O-O 10. O-O b5 11. Bb3 Na5 12. Bc2 c5 13. h3 Qc7 14. Nh2 d5 15. Bg5
dxe4 16. dxe4 Be6 17. Qf3 Nd7 18. Ng4 f6 19. Bc1 Rad8 20. h4 Nb6 21. h5 Qc8 22.
Ne3 Nac4 23. h6 Bh8 24. Bb3 Rf7 25. Rd1 Rxd1+ 26. Qxd1 Rd7 27. Qe2 Rd6 28. a4
Nxe3 29. Bxe6+ Qxe6 30. Bxe3 Nxa4 0-1

[Event "17. Sparkassen Open 2018 - Gruppe A"]
[Site "Forchheim"]
[Date "2018.09.21"]
[Round "1.7"]
[White "Arnold, Max"]
[Black "Monninger, Moritz"]
[Result "1-0"]
[WhiteElo "2267"]
[BlackElo "2096"]
[PlyCount "55"]
[EventDate "2018.??.??"]
[WhiteTeam "SK Ettlingen"]
[BlackTeam "SK Herzogenaurach"]

1. e4 e6 2. d4 d5 3. e5 c5 4. c3 Nc6 5. Nf3 Nh6 6. Bd3 f6 7. Bxh6 gxh6 8. O-O
Bg7 9. exf6 Qxf6 10. dxc5 e5 11. Bb5 Be6 12. Re1 e4 13. Nd4 Bf7 14. f3 O-O 15.
Bxc6 bxc6 16. Nd2 Bh5 17. Qc2 Rae8 18. fxe4 Qf2+ 19. Kh1 Bxd4 20. cxd4 dxe4 21.
Qb3+ Bf7 22. Qe3 Bd5 23. b3 Qxe3 24. Rxe3 Rf2 25. Rd1 a5 26. Kg1 Ref8 27. Rf1
Rxd2 28. Rg3+ 1-0

[Event "17. Sparkassen Open 2018 - Gruppe A"]
[Site "Forchheim"]
[Date "2018.09.21"]
[Round "1.8"]
[White "Amtmann, Florian"]
[Black "Hoffmann, Hendrik"]
[Result "0-1"]
[WhiteElo "2087"]
[BlackElo "2265"]
[PlyCount "66"]
[EventDate "2018.??.??"]
[WhiteTeam "Spvgg Stetten"]
[BlackTeam "SG Leipzig"]

1. e4 d6 2. d4 Nf6 3. Nc3 g6 4. Bg5 Bg7 5. Qd2 O-O 6. O-O-O c6 7. Bh6 b5 8. f3
b4 9. Nce2 a5 10. h4 Qc7 11. h5 e5 12. Bxg7 Kxg7 13. hxg6 fxg6 14. g4 Be6 15.
Qh6+ Kg8 16. Kb1 a4 17. g5 Ne8 18. Bh3 Bxh3 19. Qxh3 Qe7 20. dxe5 dxe5 21. Rd8
h5 22. Rd3 Ra7 23. Ng3 Rd7 24. Rh2 Rxd3 25. cxd3 Na6 26. Nf5 Qc5 27. Ne2 b3 28.
Nc1 Qxc1+ 29. Kxc1 bxa2 30. Ne7+ Kg7 31. Qe6 a1=Q+ 32. Kd2 Qxb2+ 33. Kd1 Qb3+
0-1

[Event "17. Sparkassen Open 2018 - Gruppe A"]
[Site "Forchheim"]
[Date "2018.09.21"]
[Round "1.9"]
[White "Walter, Florian"]
[Black "Azimi, Reza"]
[Result "1-0"]
[WhiteElo "2246"]
[BlackElo "2037"]
[PlyCount "55"]
[EventDate "2018.??.??"]
[WhiteTeam "SC Noris-Tarrasch Nürnberg"]
[BlackTeam "Münchener SC"]

1. c4 c5 2. Nc3 Nc6 3. g3 e5 4. Bg2 f5 5. d3 Nf6 6. Nf3 Be7 7. Nd2 O-O 8. Nf1
d6 9. Ne3 Be6 10. O-O Qd7 11. Ned5 f4 12. gxf4 Bh3 13. fxe5 dxe5 14. f3 Bxg2
15. Kxg2 Nd4 16. Be3 Nxd5 17. Nxd5 Rf5 18. Rg1 Rh5 19. Kh1 Rf8 20. Rg4 Bd6 21.
Bg1 Nf5 22. e4 Nh4 23. Rg3 Qf7 24. Qe2 Nxf3 25. Rf1 Nxg1 26. Rxf7 Nxe2 27.
Rgxg7+ Kh8 28. Nf6 1-0

[Event "17. Sparkassen Open 2018 - Gruppe A"]
[Site "Forchheim"]
[Date "2018.09.21"]
[Round "1.10"]
[White "Kalinin, Oleksandr"]
[Black "Humburg, Philipp"]
[Result "1-0"]
[WhiteElo "2113"]
[BlackElo "2253"]
[PlyCount "113"]
[EventDate "2018.??.??"]
[WhiteTeam "Münchener SC"]
[BlackTeam "SK Vellmar"]

1. d4 d5 2. Nf3 Nf6 3. e3 c5 4. b3 cxd4 5. exd4 Bg4 6. Be2 Nc6 7. O-O e6 8. Be3
Bd6 9. c4 dxc4 10. bxc4 O-O 11. Nc3 Rc8 12. c5 Bb8 13. Rb1 Qc7 14. g3 Rfd8 15.
Qb3 Qa5 16. Rfd1 Rd7 17. Kg2 Qd8 18. Qa4 h6 19. Rb2 Qe7 20. Rbd2 Rcd8 21. Ng1
a6 22. d5 Bxe2 23. Ngxe2 Nxd5 24. Nxd5 Rxd5 25. Rxd5 Rxd5 26. Rxd5 exd5 27. Qg4
Qe6 28. Qh4 Qe4+ 29. Qxe4 dxe4 30. g4 Be5 31. Ng3 Bxg3 32. Kxg3 Nb4 33. Kf4 Kf8
34. Kxe4 Ke7 35. a3 Nc2 36. Bd2 Nxa3 37. c6 Kd8 38. cxb7 Kc7 39. Bb4 Nc4 40.
Bf8 g6 41. Bxh6 Kxb7 42. Kd5 Nb6+ 43. Ke5 Nd7+ 44. Kd6 Nf6 45. f3 a5 46. Bd2 a4
47. Bc3 Ng8 48. Kd7 a3 49. g5 a2 50. Ke8 f6 51. gxf6 Nxf6+ 52. Bxf6 Kc6 53. Kf7
g5 54. Kg6 Kd5 55. Kxg5 Ke6 56. Kg6 a1=Q 57. Bxa1 1-0

[Event "17. Sparkassen Open 2018 - Gruppe A"]
[Site "Forchheim"]
[Date "2018.09.21"]
[Round "1.11"]
[White "Nguyen, Alex Dac-Vuong"]
[Black "Siegl, Melina"]
[Result "1-0"]
[WhiteElo "2240"]
[BlackElo "2019"]
[PlyCount "59"]
[EventDate "2018.??.??"]
[WhiteTeam "SG Leipzig"]
[BlackTeam "SW Nürnberg Süd"]

1. e4 c5 2. Nf3 e6 3. c3 d5 4. e5 Nc6 5. d4 Qb6 6. a3 Bd7 7. b4 c4 8. a4 a6 9.
Bf4 Nge7 10. Be2 Ng6 11. Be3 f6 12. h4 Nge7 13. Nbd2 Nf5 14. exf6 gxf6 15. a5
Qc7 16. O-O Rg8 17. Re1 Nxe3 18. fxe3 Qg3 19. Bf1 Bh6 20. Ra2 e5 21. e4 Bg4 22.
exd5 Bxd2 23. Qxd2 O-O-O 24. Nh2 Ne7 25. Bxc4 Nf5 26. Qf2 Bh3 27. Bf1 Nxh4 28.
dxe5 Nxg2 29. Qxg3 Rxg3 30. Bxg2 1-0

[Event "17. Sparkassen Open 2018 - Gruppe A"]
[Site "Forchheim"]
[Date "2018.09.21"]
[Round "1.12"]
[White "Braun, Michael"]
[Black "Bethke, Richard"]
[Result "0-1"]
[WhiteElo "2071"]
[BlackElo "2212"]
[PlyCount "68"]
[EventDate "2018.??.??"]
[WhiteTeam "SG Büchenbach/Roth"]
[BlackTeam "SF Neuberg"]

1. d4 Nf6 2. Bf4 d5 3. e3 e6 4. Nd2 Be7 5. Bd3 b6 6. c3 Bb7 7. Ngf3 Nbd7 8. Ne5
Nxe5 9. Bxe5 O-O 10. Qf3 c5 11. Qh3 h6 12. Bxf6 Bxf6 13. f4 a5 14. g4 cxd4 15.
exd4 Ba6 16. Bc2 Bh4+ 17. Kd1 Qf6 18. Qf3 Rfc8 19. Rg1 Ra7 20. a4 Rb8 21. Ra3
b5 22. axb5 Bxb5 23. Nb3 Bg5 24. f5 e5 25. Qg3 Bf4 26. Qf2 Re7 27. Nc5 g5 28.
fxg6 e4 29. gxf7+ Qxf7 30. Bb3 e3 31. Qg2 e2+ 32. Ke1 Bc4 33. Bxc4 Rxb2 34.
Bxd5 Bd2# 0-1

[Event "17. Sparkassen Open 2018 - Gruppe A"]
[Site "Forchheim"]
[Date "2018.09.21"]
[Round "1.13"]
[White "Hesse, Henrik"]
[Black "Martin Fernandez, Rodrigo"]
[Result "1-0"]
[WhiteElo "2218"]
[BlackElo "2096"]
[PlyCount "74"]
[EventDate "2018.??.??"]
[WhiteTeam "SV Mattnetz Berlin"]
[BlackTeam "SC Erlangen"]

1. c4 e6 2. g3 Nf6 3. Bg2 d5 4. Nf3 Be7 5. O-O O-O 6. d4 dxc4 7. Qc2 a6 8. Qxc4
b5 9. Qc2 Bb7 10. Bd2 Be4 11. Qc1 Nc6 12. e3 b4 13. Ne5 Bxg2 14. Nxc6 Bxc6 15.
Qxc6 Qd5 16. Rc1 Bd6 17. Qxd5 exd5 18. Be1 Rfe8 19. Nd2 a5 20. Nb3 Nd7 21. Rc2
h5 22. a4 bxa3 23. Nxa5 axb2 24. Rxb2 Reb8 25. Rab1 Rxb2 26. Rxb2 Rb8 27. Rxb8+
Nxb8 28. Nb7 Be7 29. Kg2 g5 30. Kf3 Kg7 31. e4 dxe4+ 32. Kxe4 Kf6 33. Ba5 c6
34. Nd8 c5 35. d5 Nd7 36. Bb6 Kg6 37. d6 Bf6 1-0

[Event "17. Sparkassen Open 2018 - Gruppe A"]
[Site "Forchheim"]
[Date "2018.09.21"]
[Round "1.14"]
[White "Meulner, Klaus"]
[Black "Pietzsch, Manuel"]
[Result "1/2-1/2"]
[WhiteElo "2120"]
[BlackElo "2176"]
[PlyCount "33"]
[EventDate "2018.??.??"]
[WhiteTeam "SW Nürnberg Süd"]
[BlackTeam "SG Leipzig"]

1. Nf3 d5 2. c4 d4 3. b4 g6 4. Bb2 Bg7 5. d3 Nh6 6. g3 O-O 7. Bg2 e5 8. Nbd2 a5
9. a3 Na6 10. Nb3 c5 11. Nxc5 Nxc5 12. bxc5 a4 13. O-O Qc7 14. Bc1 Nf5 15. Bd2
Ne7 16. Qb1 Ra6 17. Qc2 1/2-1/2

[Event "17. Sparkassen Open 2018 - Gruppe A"]
[Site "Forchheim"]
[Date "2018.09.21"]
[Round "1.15"]
[White "Gheng, Simona"]
[Black "Hirn, Erwin"]
[Result "1/2-1/2"]
[WhiteElo "2002"]
[BlackElo "2061"]
[PlyCount "131"]
[EventDate "2018.??.??"]
[WhiteTeam "SF Deizisau"]
[BlackTeam "SK Neumarkt"]

1. e4 c6 2. d4 d5 3. exd5 cxd5 4. Nf3 Nc6 5. c3 Nf6 6. Bd3 Bg4 7. O-O e6 8. Bg5
Be7 9. Nbd2 Rc8 10. Qa4 Nd7 11. Bxe7 Qxe7 12. Ne5 Ndxe5 13. dxe5 Bh5 14. Bb5 a6
15. Bxc6+ Rxc6 16. Nb3 O-O 17. Nd4 Rc4 18. Qc2 Rfc8 19. Qd2 Bg6 20. Rfe1 b5 21.
a3 Be4 22. f3 Bg6 23. Qf2 Qc5 24. h4 h5 25. g3 a5 26. Nb3 Qc7 27. Kg2 b4 28.
axb4 axb4 29. Na5 Rc5 30. Nb3 Rc4 31. Na5 Rc5 32. Nb3 Rb5 33. Nd4 Rb7 34. Rac1
Qb6 35. Re2 Rbc7 36. Re3 Rc4 37. Ne2 Qa7 38. Nf4 Bh7 39. Rce1 bxc3 40. Rxc3
Qxf2+ 41. Kxf2 Rxc3 42. bxc3 Rxc3 43. Nxh5 Rc2+ 44. Re2 Kf8 45. Rxc2 Bxc2 46.
Ke3 Bg6 47. Nf4 Bb1 48. Kd4 Ke7 49. Nh5 Kf8 50. Nf4 Ke7 51. Ne2 f6 52. Nc3 Bc2
53. f4 Bf5 54. Nb5 Bh3 55. Kc5 Kf7 56. Kd6 Bg4 57. Nd4 Bh3 58. h5 Bg4 59. f5
fxe5 60. fxe6+ Kf6 61. e7 Bxh5 62. Nc6 e4 63. Kxd5 e3 64. Nd4 Kf7 65. Nc2 Kxe7
66. Nxe3 1/2-1/2

[Event "17. Sparkassen Open 2018 - Gruppe A"]
[Site "Forchheim"]
[Date "2018.09.21"]
[Round "1.16"]
[White "Eichschmied, Patrick"]
[Black "Gheng, Dominik"]
[Result "1-0"]
[WhiteElo "1895"]
[BlackElo "1995"]
[PlyCount "35"]
[EventDate "2018.??.??"]
[WhiteTeam "MTV Ingolstadt"]
[BlackTeam "Schach-Kids Bernhausen"]

1. e4 e5 2. Nf3 Nc6 3. Bb5 a6 4. Bxc6 dxc6 5. O-O Bg4 6. h3 Bxf3 7. Qxf3 Qf6 8.
Qxf6 Nxf6 9. d3 O-O-O 10. Be3 h6 11. f4 Bd6 12. Nd2 exf4 13. Bxf4 Bc5+ 14. Kh1
Rde8 15. Rae1 b5 16. Bxh6 Ng4 17. Bxg7 Ne3 18. Rxf7 1-0

[Event "17. Sparkassen Open 2018 - Gruppe A"]
[Site "Forchheim"]
[Date "2018.09.21"]
[Round "1.17"]
[White "Ulusoy, Tolga"]
[Black "Bethke, Robert"]
[Result "0-1"]
[WhiteElo "2069"]
[BlackElo "1937"]
[PlyCount "67"]
[EventDate "2018.??.??"]
[WhiteTeam "SC Noris-Tarrasch Nürnberg"]
[BlackTeam "SF Neuberg"]

1. e4 e5 2. f4 exf4 3. Bc4 Nf6 4. Nc3 Nc6 5. Nf3 Bb4 6. O-O d6 7. d4 O-O 8. Qd3
Bg4 9. Bxf4 Bxf3 10. Rxf3 Nxd4 11. Rh3 Bc5 12. Kh1 Ne6 13. Bd2 Ng4 14. Rf1 Ne5
15. Qe2 Nxc4 16. Qh5 f6 17. Qd5 Nxd2 18. Qxe6+ Kh8 19. Rd1 Qe8 20. Qf5 g6 21.
Qd5 Nxe4 22. Nxe4 c6 23. Qd3 Rd8 24. Rh4 Qe7 25. Qc3 Qe5 26. Qh3 Qe7 27. Qc3
Qe5 28. Qh3 Rf7 29. Qf3 Re8 30. Rf1 Kg7 31. Rf4 f5 32. Ng5 Rfe7 33. h4 Be3 34.
Ra4 0-1

[Event "17. Sparkassen Open 2018 - Gruppe A"]
[Site "Forchheim"]
[Date "2018.09.21"]
[Round "1.18"]
[White "Braun, Kristin"]
[Black "Faßhauer, Jacob"]
[Result "0-1"]
[WhiteElo "1919"]
[BlackElo "2056"]
[PlyCount "68"]
[EventDate "2018.??.??"]
[WhiteTeam "SC JÄKLECHEMIE"]
[BlackTeam "SG Leipzig"]

1. e4 c5 2. Nf3 e6 3. d4 cxd4 4. Nxd4 Nc6 5. c4 Nf6 6. f3 Bb4+ 7. Bd2 Qa5 8.
Nxc6 dxc6 9. Be2 O-O 10. Nc3 Rd8 11. Qc2 Qc7 12. O-O-O e5 13. Be3 Be6 14. a3
Be7 15. Rxd8+ Qxd8 16. Rd1 Qa5 17. Na4 Nd7 18. b4 Qc7 19. Bf1 a5 20. c5 axb4
21. axb4 Qc8 22. Kb1 Ra7 23. Rd3 h6 24. Ra3 Qa8 25. Nb6 Nxb6 26. Rxa7 Qxa7 27.
cxb6 Qa3 28. Bc5 Bxc5 29. bxc5 Qb4+ 30. Kc1 Qe1+ 31. Qd1 Qe3+ 32. Kb1 Qxc5 33.
Qd8+ Kh7 34. Ba6 Qb4+ 0-1

[Event "17. Sparkassen Open 2018 - Gruppe A"]
[Site "Forchheim"]
[Date "2018.09.21"]
[Round "1.19"]
[White "Pfitzer, Norbert"]
[Black "Köhler, Lukas"]
[Result "1-0"]
[WhiteElo "2093"]
[BlackElo "1926"]
[PlyCount "117"]
[EventDate "2018.??.??"]
[WhiteTeam "SV Backnang"]
[BlackTeam "SC Bamberg"]

1. Nf3 Nf6 2. d4 d5 3. g3 e6 4. Bg2 Nbd7 5. O-O b6 6. c4 Bb7 7. Qa4 c6 8. Nc3
dxc4 9. Qxc4 Be7 10. Rd1 O-O 11. Ne5 b5 12. Qb3 Qc7 13. Bf4 Nxe5 14. Bxe5 Qb6
15. h3 a5 16. Na4 Qa7 17. Nc5 Rac8 18. Rac1 Rfd8 19. a4 b4 20. Qc4 Nd7 21. Nxb7
Qxb7 22. Bf4 Nb6 23. Qb3 Nd5 24. Bd2 Qb6 25. e4 Nf6 26. Be3 c5 27. dxc5 Rxd1+
28. Qxd1 Qc6 29. e5 Nd5 30. Bxd5 exd5 31. b3 Qe6 32. Qg4 Rc6 33. f4 d4 34. Qxe6
fxe6 35. Bxd4 Kf7 36. Kf2 Ke8 37. Ke3 Kd7 38. Kd3 Rc8 39. Ke4 g6 40. g4 Kc6 41.
Rf1 Rd8 42. f5 gxf5+ 43. gxf5 exf5+ 44. Rxf5 Kd7 45. Rh5 Rg8 46. Rxh7 Rg3 47.
Be3 Ke6 48. Rh6+ Kd7 49. Ra6 Rxh3 50. Rxa5 Bd8 51. Rb5 Kc6 52. Rxb4 Rh4+ 53.
Bf4 Kxc5 54. Rc4+ Kb6 55. Kd5 Rh1 56. Be3+ Kb7 57. b4 Ra1 58. b5 Rd1+ 59. Ke6
1-0

[Event "17. Sparkassen Open 2018 - Gruppe A"]
[Site "Forchheim"]
[Date "2018.09.21"]
[Round "1.20"]
[White "Drivas, Stefanos"]
[Black "Böhme, Sebastian"]
[Result "0-1"]
[WhiteElo "1955"]
[BlackElo "1999"]
[PlyCount "106"]
[EventDate "2018.??.??"]
[BlackTeam "SC Uttenreuth"]

1. Nf3 e6 2. g3 b5 3. Bg2 Bb7 4. d4 Nf6 5. O-O Be7 6. Re1 O-O 7. c3 c5 8. e3 d6
9. b3 Qc7 10. Bb2 Ne4 11. Nbd2 Nd7 12. Nxe4 Bxe4 13. Qe2 Qb7 14. Red1 Nf6 15.
Rac1 c4 16. Ra1 a5 17. Ne1 Bxg2 18. Nxg2 d5 19. Rab1 Qc6 20. f3 cxb3 21. axb3
a4 22. Rdc1 a3 23. Ba1 a2 24. Rb2 Ba3 25. Ne1 Bxb2 26. Qxb2 Nd7 27. Nd3 Qa6 28.
Nb4 Qa7 29. Kf2 Rfe8 30. Rc2 Qa3 31. Ke2 Qxb2 32. Rxb2 Nb6 33. Kd2 e5 34. Nd3
exd4 35. cxd4 Kf8 36. Rc2 Rec8 37. Rb2 Ke7 38. Nc5 Nd7 39. Nd3 Kd6 40. e4 f6
41. Nb4 Nb6 42. Nd3 dxe4 43. fxe4 Re8 44. Ke3 Nd5+ 45. Kf3 Nb6 46. Ke3 Ra3 47.
Kf4 Rc8 48. Nc5 Nd7 49. Rd2 Nxc5 50. dxc5+ Ke7 51. b4 Rd8 52. Rc2 Rd1 53. c6
Kd8 0-1

[Event "17. Sparkassen Open 2018 - Gruppe A"]
[Site "Forchheim"]
[Date "2018.09.21"]
[Round "1.21"]
[White "Muskat, Gunter"]
[Black "Schäfer, Sven"]
[Result "1/2-1/2"]
[WhiteElo "2048"]
[BlackElo "1991"]
[PlyCount "43"]
[EventDate "2018.??.??"]
[WhiteTeam "SG Büchenbach/Roth"]
[BlackTeam "SK Dessau 93"]

1. d4 Nf6 2. c4 g6 3. Nc3 Bg7 4. e4 d6 5. Be2 O-O 6. Be3 e5 7. d5 Ne8 8. g4 f5
9. gxf5 gxf5 10. exf5 Bxf5 11. Qd2 c5 12. Nf3 Na6 13. Rg1 Kh8 14. Bg5 Bf6 15.
Nh4 Rg8 16. Bxf6+ Qxf6 17. Rxg8+ Kxg8 18. Nxf5 Qxf5 19. O-O-O Nf6 20. Bd3 e4
21. Rg1+ Kh8 22. Rg5 1/2-1/2

[Event "17. Sparkassen Open 2018 - Gruppe A"]
[Site "Forchheim"]
[Date "2018.09.21"]
[Round "1.22"]
[White "Smyk, Jozef"]
[Black "Kast, Joannis"]
[Result "1/2-1/2"]
[WhiteElo "1929"]
[BlackElo "2066"]
[PlyCount "80"]
[EventDate "2018.??.??"]
[WhiteTeam "SK Neumarkt"]
[BlackTeam "SK Jöhlingen"]

1. d4 d5 2. Bf4 e6 3. e3 c5 4. c3 Nc6 5. Nf3 Nf6 6. Nbd2 Bd6 7. Bg3 O-O 8. Bd3
Re8 9. Ne5 Qc7 10. f4 c4 11. Bc2 b5 12. O-O b4 13. Ndf3 bxc3 14. bxc3 Bd7 15.
Ng5 Nd8 16. Bh4 Be7 17. Ngf3 Bc6 18. Bxf6 Bxf6 19. g4 Rb8 20. Rb1 Be7 21. g5 f5
22. gxf6 gxf6 23. Rxb8 Qxb8 24. Nxc6 Nxc6 25. Ba4 Qd6 26. Kh1 Kh8 27. Rg1 Rg8
28. Rxg8+ Kxg8 29. Bc2 f5 30. Ba4 Bf6 31. Qg1+ Kf7 32. Ne5+ Bxe5 33. fxe5 Qc7
34. Qg5 Nxe5 35. Qh5+ Kg7 36. dxe5 Qxe5 37. Qg5+ Kf7 38. Qh5+ Kg7 39. Qg5+ Kf7
40. Qh5+ Kg7 1/2-1/2

[Event "17. Sparkassen Open 2018 - Gruppe A"]
[Site "Forchheim"]
[Date "2018.09.21"]
[Round "1.23"]
[White "Lutter, Maximilian"]
[Black "Heppert, Lars"]
[Result "1-0"]
[WhiteElo "1883"]
[BlackElo "1970"]
[PlyCount "85"]
[EventDate "2018.??.??"]
[WhiteTeam "SC Noris-Tarrasch Nürnberg"]
[BlackTeam "SK Neuburg"]

1. d4 g6 2. Nf3 Bg7 3. g3 d6 4. Bg2 Nd7 5. c4 e5 6. Nc3 exd4 7. Nxd4 Ngf6 8.
O-O O-O 9. b3 Re8 10. Bb2 Nc5 11. Qc2 c6 12. Rad1 Qe7 13. Bc1 Nfe4 14. Nxe4
Nxe4 15. f3 Ng5 16. e4 Ne6 17. Ne2 a5 18. Ba3 Nc5 19. Qd2 Bf8 20. Rfe1 f5 21.
Nc3 Qf7 22. Bxc5 dxc5 23. e5 f4 24. Qxf4 Qxf4 25. gxf4 Bf5 26. Kf2 Red8 27. Ke3
Rd4 28. Ne2 Rdd8 29. Ng3 Be6 30. Ne4 b5 31. Ng5 Bf5 32. Bf1 b4 33. Bd3 Bxd3 34.
Rxd3 Rxd3+ 35. Kxd3 a4 36. Re2 axb3 37. axb3 Ra1 38. Rd2 Rc1 39. Ke2 h6 40. Ne4
Rb1 41. Rd7 Bg7 42. e6 Rxb3 43. e7 1-0

[Event "17. Sparkassen Open 2018 - Gruppe A"]
[Site "Forchheim"]
[Date "2018.09.21"]
[Round "1.24"]
[White "Paeslack, Luis"]
[Black "Pichl, Michael"]
[Result "0-1"]
[WhiteElo "1897"]
[BlackElo "2051"]
[PlyCount "23"]
[EventDate "2018.??.??"]
[WhiteTeam "TV-Großostheim"]
[BlackTeam "SV Empor Erfurt"]

1. d4 g6 2. c4 Bg7 3. Nc3 c6 4. e4 a6 5. a4 d5 6. cxd5 cxd5 7. Be3 Nf6 8. h3
O-O 9. Nf3 Nc6 10. Bd3 Nb4 11. Be2 Bf5 12. Rc1 0-1

[Event "17. Sparkassen Open 2018 - Gruppe A"]
[Site "Forchheim"]
[Date "2018.09.21"]
[Round "1.25"]
[White "von Zimmermann, Georg"]
[Black "Reinhard, Ralf-Peter"]
[Result "0-1"]
[WhiteElo "2036"]
[BlackElo "1893"]
[PlyCount "44"]
[EventDate "2018.??.??"]
[WhiteTeam "MSA Zugzwang"]
[BlackTeam "vereinslos"]

1. e4 d5 2. exd5 Qxd5 3. Nc3 Qd8 4. d4 Nf6 5. Nf3 Bg4 6. h3 Bh5 7. g4 Bg6 8.
Ne5 Be4 9. Nxe4 Nxe4 10. Qf3 Nd6 11. Bc4 e6 12. d5 f6 13. dxe6 fxe5 14. O-O Qf6
15. Qd5 Nxc4 16. Qxc4 Nc6 17. f4 exf4 18. Rxf4 Qe5 19. e7 Bxe7 20. Qf7+ Kd7 21.
Rf3 Raf8 22. Rd3+ Kc8 0-1

[Event "17. Sparkassen Open 2018 - Gruppe A"]
[Site "Forchheim"]
[Date "2018.09.21"]
[Round "1.26"]
[White "Steinbach, Peter"]
[Black "Steinhart, Christoph"]
[Result "0-1"]
[WhiteElo "1959"]
[BlackElo "1987"]
[PlyCount "52"]
[EventDate "2018.??.??"]
[WhiteTeam "SV Crailsheim"]
[BlackTeam "TSV Schönaich"]

1. d4 e6 2. e4 d5 3. e5 c5 4. c3 Nc6 5. Nf3 Qb6 6. Be2 Nh6 7. Na3 cxd4 8. cxd4
Bb4+ 9. Kf1 Nf5 10. Nc2 h5 11. a3 Be7 12. b4 Bd7 13. Qd2 g5 14. h3 O-O-O 15.
Nxg5 Bxg5 16. Qxg5 Ncxd4 17. Nxd4 Qxd4 18. Ra2 Bb5 19. Qd2 Bxe2+ 20. Qxe2 Kb8
21. Bb2 Qf4 22. Kg1 d4 23. g3 Rhg8 24. Rh2 d3 25. Qf1 Nxg3 26. fxg3 Rxg3+ 0-1

[Event "17. Sparkassen Open 2018 - Gruppe A"]
[Site "Forchheim"]
[Date "2018.09.21"]
[Round "1.27"]
[White "Seidel, Michael"]
[Black "Kocak, Ediz"]
[Result "0-1"]
[WhiteElo "2042"]
[BlackElo "1794"]
[PlyCount "90"]
[EventDate "2018.??.??"]
[WhiteTeam "SC Schwarzenbach"]
[BlackTeam "SGem Fürth"]

1. e4 c5 2. Be2 Nc6 3. f4 e6 4. Nf3 d5 5. d3 g6 6. O-O Bg7 7. Qe1 Nge7 8. c3 b6
9. Na3 Bb7 10. Qh4 a6 11. Nc2 b5 12. Bd2 Na7 13. exd5 Nxd5 14. Qf2 Qc7 15. Ng5
O-O 16. Bg4 h6 17. Ne4 Rfc8 18. Bh3 f5 19. Rae1 Kh7 20. Ng3 Qd6 21. Ne3 Ne7 22.
Nc2 Nd5 23. Re2 Nc6 24. Rfe1 Nc7 25. Be3 Nd5 26. Bxc5 Qxf4 27. Rxe6 Qxf2+ 28.
Bxf2 Nf4 29. Rd6 Rd8 30. Rxd8 Rxd8 31. d4 Nd3 32. Rb1 Re8 33. Kf1 f4 34. Ne2
Na5 35. b3 Be4 36. Bg1 Rf8 37. Ra1 f3 38. Ng3 fxg2+ 39. Ke2 Nf4+ 40. Kd2 Bxc2
41. Bxg2 Bxb3 42. Bf1 Bc4 43. Ne4 Bxf1 44. Rxf1 Nc4+ 45. Kc2 Nh3 0-1